000
00273nam a2200109Ia 4500
008
190216s9999||||xx |||||||||||||| ||und||
100
_a
Dr.Raghavan Pilla K
245
0
_a
Adhyathma Vichara Patha
260
_b
Kerala Sarvakalasala
650
_a
Malayalam Essays
942
_c
BK
999
_c
24210
_d
24210